|
|
|
|
| LEADER |
00000nkm a2200000 a 4500 |
| 001 |
vtls011842661 |
| 003 |
SK-MaSNL |
| 005 |
20260331211338.0 |
| 007 |
kf bo |
| 008 |
230718s1966 xo g kuslo |
| 015 |
|
|
|a SNBG1966
|
| 035 |
|
|
|a urn:nbn:sk:snk-km00e9ek
|
| 035 |
|
|
|a urn:nbn:sk:snk-km43hrn
|
| 035 |
|
|
|a BF68674B-D670-42F4-8780-3052D8A91660
|
| 040 |
|
|
|a SNK
|b slo
|c SNK
|e AACR2
|
| 041 |
0 |
|
|a slo
|
| 043 |
|
|
|a e-xo---
|
| 044 |
|
|
|a xo
|c SK
|
| 072 |
|
7 |
|a 913
|x Regionálna geografia
|2 konspekt
|
| 080 |
|
|
|a 913(437.6)
|2 2011
|
| 080 |
|
|
|a 711.455:615.838
|2 2011
|
| 080 |
|
|
|a (084.121)
|2 2011
|
| 100 |
1 |
|
|a Hajduch, Ján,
|d 1906-1972
|4 pht
|9 98286
|
| 245 |
1 |
0 |
|a Čs. štátne kúpele Číž
|h grafika
|c foto Ján Hajduch
|
| 260 |
|
|
|a [Bratislava]
|b VPL
|c 1966
|
| 300 |
|
|
|a 1 pohľadnica
|b čiernobiela
|c 11 x 15 cm
|
| 520 |
8 |
|
|a Zobrazenie: Pohľad na kúpeľné budovy a pána v klobúku sediaceho na lavičke
|
| 610 |
2 |
7 |
|a Československé štátne kúpele (Číž, Slovensko)
|2 SNKKA
|9 389221
|
| 650 |
0 |
7 |
|a kúpele
|2 SNKPH
|9 1139
|
| 651 |
|
7 |
|a Číž (Slovensko)
|2 SNKPHgeo
|9 12918
|
| 655 |
|
7 |
|a miestne pohľadnice
|2 SNKPH
|9 70510
|
| 655 |
|
7 |
|a pohľadnice kultúrnych pamiatok
|2 SNKPH
|9 70523
|
| 852 |
|
|
|a Slovenská národná knižnica
|
| 954 |
|
|
|a pohľadnice pôvodné (slovenské)
|2 lita
|
| 958 |
|
|
|a GBN
|
| 958 |
|
|
|a GC
|
| 958 |
|
|
|a OND
|
| 958 |
|
|
|a EUIPO
|
| 999 |
|
|
|c 773913
|d 775843
|
| 952 |
|
|
|a SNK
|b SNK
|y PREZ
|7 0
|p 17A1275548
|o snkSP 47788
|0 0
|1 0
|4 0
|d 2019-02-25
|f 1
|l 0
|r 2026-02-24 00:42:41
|w 2026-02-24
|